[Event "Sonderjysk-chA"]
[Site "Haderslev"]
[Date "2013.05.06"]
[Round "2"]
[White "Bjornskov, Kai"]
[Black "Christensen, Rene Baarup"]
[Result "1-0"]
[WhiteElo "2110"]
[BlackElo "1977"]
[PlyCount "114"]
[EventDate "2013.04.29"]
[EventType "tourn"]
[EventRounds "7"]
[EventCountry "DEN"]
[SourceTitle "EXT 2018"]
[Source "ChessBase"]
[SourceDate "2017.10.13"]
[SourceVersion "1"]
[SourceVersionDate "2017.10.13"]
[SourceQuality "1"]

1. d4 Nf6 2. c4 c6 3. Nf3 g6 4. Nc3 Bg7 5. e4 d6 6. Be2 0-0 7. 0-0 Qc7 8. Bf4 Nh5 9. Be3 e5 10. Qd2 f5 11. exf5 gxf5 12. dxe5 dxe5 13. Rad1 Na6 14. Bg5 Nf6 15. Qd6 Qxd6 16. Rxd6 Nc5 17. Rfd1 Nfe4 18. Nxe4 Nxe4 19. Rd8 Be6 20. Be7 Raxd8 21. Bxd8 Re8 22. Bc7 Bf7 23. Nh4 Bg6 24. Nxg6 hxg6 25. Ba5 Bf8 26. f3 Bc5+ 27. Kf1 Nf6 28. Bc3 Kf7 29. b4 Bf8 30. c5 e4 31. Bc4+ Nd5 32. Rxd5 cxd5 33. Bxd5+ Ke7 34. Bxb7 exf3 35. gxf3 Kd7 36. b5 Kc7 37. c6 Bd6 38. Bd4 Kb8 39. a4 Bxh2 40. a5 Bc7 41. b6 axb6 42. axb6 Bf4 43. Ba6 Rd8 44. c7+ Bxc7 45. bxc7+ Kxc7 46. Be3 Kd6 47. Ke2 Ra8 48. Bc4 Ra3 49. Bf7 Ke5 50. Bxg6 f4 51. Bd2 Ra8 52. Bc3+ Ke6 53. Kd3 Ra4 54. Bh5 Kf5 55. Be8 Ra7 56. Bc6 Re7 57. Be4+ Kg5 1-0

[Event "Sonderjysk-chA"]
[Site "Haderslev"]
[Date "2013.04.29"]
[Round "1"]
[White "Christensen, Rene Baarup"]
[Black "Andersen, Helge"]
[Result "0-1"]
[WhiteElo "1977"]
[BlackElo "1998"]
[PlyCount "106"]
[EventDate "2013.04.29"]
[EventType "tourn"]
[EventRounds "7"]
[EventCountry "DEN"]
[SourceTitle "EXT 2018"]
[Source "ChessBase"]
[SourceDate "2017.10.13"]
[SourceVersion "1"]
[SourceVersionDate "2017.10.13"]
[SourceQuality "1"]

1. e4 c5 2. Nf3 Nc6 3. d4 cxd4 4. Nxd4 e5 5. Nb5 a6 6. Nd6+ Bxd6 7. Qxd6 Qf6 8. Qxf6 Nxf6 9. Bd3 d5 10. exd5 Nxd5 11. 0-0 0-0 12. f4 exf4 13. Bxf4 Nxf4 14. Rxf4 Be6 15. Nc3 Rad8 16. Re1 Rd4 17. Ree4 Rfd8 18. Rxd4 Nxd4 19. Kf2 Nxc2 20. Bxc2 Rd2+ 21. Kg3 Rxc2 22. Rb4 b5 23. a4 Bc4 24. axb5 axb5 25. Nxb5 Bf1 26. Nd6 Rxg2+ 27. Kf3 g6 28. h4 Rd2 29. Rb6 h5 30. Kf4 Kg7 31. Ne8+ Kf8 32. Nf6 Bh3 33. Rb8+ Ke7 34. Ng8+ Kd7 35. Nf6+ Kc7 36. Rb4 Rf2+ 37. Kg3 Rxf6 38. Kxh3 Rb6 39. Rc4+ Kd6 40. Rc2 Rb3+ 41. Kg2 f6 42. Rf2 Ke6 43. Rc2 g5 44. Rc6+ Kf5 45. Rc5+ Kg6 46. hxg5 Rxb2+ 47. Kg1 fxg5 48. Rc6+ Kf5 49. Rc5+ Kg4 50. Rc4+ Kg3 51. Rc3+ Kh4 52. Rc4+ g4 53. Rc5 g3 0-1

[Event "Politiken Cup 31st"]
[Site "Helsingor"]
[Date "2009.07.23"]
[Round "7"]
[White "Christensen, Rene Baarup"]
[Black "Vanman, Kent"]
[Result "0-1"]
[WhiteElo "1974"]
[BlackElo "2158"]
[PlyCount "82"]
[EventDate "2009.07.18"]
[EventType "swiss"]
[EventRounds "10"]
[EventCountry "DEN"]
[SourceTitle "CBM 131 Extra"]
[Source "ChessBase"]
[SourceDate "2009.09.03"]
[SourceVersion "2"]
[SourceVersionDate "2009.09.16"]
[SourceQuality "1"]

1. e4 c5 2. Nf3 d6 3. d4 cxd4 4. Nxd4 Nf6 5. Nc3 a6 6. a4 e5 7. Nb3 Be6 8. Bg5 Be7 9. Bxf6 gxf6 10. Nd5 Nc6 11. Qd2 Bxd5 12. exd5 Na7 13. Bd3 Qd7 14. Qh6 f5 15. Qg7 0-0-0 16. Qxf7 Rdf8 17. Qe6 Qxe6 18. dxe6 d5 19. 0-0-0 Nc6 20. Be2 Rd8 21. Bh5 Kc7 22. Bf7 d4 23. h4 b6 24. h5 e4 25. h6 Bf6 26. Rh5 Ne7 27. a5 Rd6 28. Kb1 Rb8 29. Ka2 bxa5 30. Nc5 d3 31. c3 Rb5 32. Nd7 Bh8 33. Nf8 a4 34. Nd7 f4 35. Rc5+ Rc6 36. Rxb5 axb5 37. Nf8 b4 38. Kb1 bxc3 39. bxc3 Rxc3 40. Nxh7 e3 41. Bh5 Ra3 0-1

[Event "Politiken Cup 31st"]
[Site "Helsingor"]
[Date "2009.07.22"]
[Round "6"]
[White "Sinkbaek, Aage"]
[Black "Christensen, Rene Baarup"]
[Result "0-1"]
[WhiteElo "2186"]
[BlackElo "1974"]
[PlyCount "56"]
[EventDate "2009.07.18"]
[EventType "swiss"]
[EventRounds "10"]
[EventCountry "DEN"]
[SourceTitle "CBM 131 Extra"]
[Source "ChessBase"]
[SourceDate "2009.09.03"]
[SourceVersion "2"]
[SourceVersionDate "2009.09.16"]
[SourceQuality "1"]

1. c4 Nf6 2. Nc3 g6 3. g3 Bg7 4. Bg2 c6 5. Nf3 0-0 6. 0-0 d5 7. cxd5 cxd5 8. d4 Nc6 9. Ne5 Be6 10. Nxc6 bxc6 11. Na4 Qc8 12. b3 Bh3 13. Ba3 Bxg2 14. Kxg2 Re8 15. Rc1 h5 16. h4 e5 17. dxe5 Ng4 18. Bb2 Bxe5 19. Bxe5 Rxe5 20. Qd3 Qe6 21. e3 Re8 22. Rfe1 Qf6 23. Qd2 Rf5 24. Rf1 Rf3 25. Nc5 Rf5 26. Nd3 d4 27. exd4 Qxd4 28. Kg1 Rf3 0-1

[Event "Politiken Cup 31st"]
[Site "Helsingor"]
[Date "2009.07.19"]
[Round "2"]
[White "Pallesen, Jorn"]
[Black "Christensen, Rene Baarup"]
[Result "1-0"]
[WhiteElo "1701"]
[BlackElo "1974"]
[PlyCount "75"]
[EventDate "2009.07.18"]
[EventType "swiss"]
[EventRounds "10"]
[EventCountry "DEN"]
[SourceTitle "CBM 131 Extra"]
[Source "ChessBase"]
[SourceDate "2009.09.03"]
[SourceVersion "2"]
[SourceVersionDate "2009.09.16"]
[SourceQuality "1"]

1. e4 c5 2. Nf3 Nc6 3. d4 cxd4 4. Nxd4 Nf6 5. Nc3 d6 6. Be2 g6 7. Be3 Bg7 8. f3 0-0 9. Qd2 Bd7 10. 0-0 Rc8 11. Nxc6 Bxc6 12. Nd5 Nd7 13. c3 Bxd5 14. Qxd5 b6 15. f4 Nc5 16. Bf3 Qc7 17. Qd2 b5 18. g4 a5 19. f5 b4 20. cxb4 axb4 21. g5 Be5 22. Rf2 b3 23. a3 Na4 24. Bd4 Bxd4 25. Qxd4 Qc4 26. Rd1 Rc5 27. Bg4 gxf5 28. exf5 Rfc8 29. f6 Rxg5 30. Rg2 e6 31. h4 Qxd4+ 32. Rxd4 Rc1+ 33. Kh2 Ra5 34. Rxd6 h5 35. Bxe6+ Kh7 36. Bxf7 Rc2 37. Bg6+ Kh8 38. Rd8# 1-0

[Event "Politiken Cup 31st"]
[Site "Helsingor"]
[Date "2009.07.18"]
[Round "1"]
[White "Christensen, Rene Baarup"]
[Black "Schandorff, Lars"]
[Result "0-1"]
[WhiteElo "1974"]
[BlackElo "2510"]
[PlyCount "62"]
[EventDate "2009.07.18"]
[EventType "swiss"]
[EventRounds "10"]
[EventCountry "DEN"]
[SourceTitle "CBM 131 Extra"]
[Source "ChessBase"]
[SourceDate "2009.09.03"]
[SourceVersion "2"]
[SourceVersionDate "2009.09.16"]
[SourceQuality "1"]

1. e4 c6 2. Nf3 d5 3. exd5 cxd5 4. d4 Nc6 5. c4 Nf6 6. c5 Bg4 7. Be2 g6 8. 0-0 Bg7 9. a3 0-0 10. b4 Bxf3 11. Bxf3 Nxd4 12. Bb2 Nxf3+ 13. Qxf3 Ne4 14. Bxg7 Kxg7 15. Rd1 e6 16. Nc3 Nf6 17. Rac1 Qd7 18. Ne4 Ne8 19. Qg3 Rc8 20. h4 Qe7 21. Nd6 Nxd6 22. cxd6 Qd7 23. Rc7 Rxc7 24. dxc7 Rc8 25. Rc1 d4 26. h5 f6 27. Qh3 d3 28. h6+ Kf7 29. Rd1 Rxc7 30. Qxd3 Qxd3 31. Rxd3 g5 0-1

[Event "Copenhagen K41 Weekend 1st"]
[Site "Copenhagen"]
[Date "2006.02.17"]
[Round "1"]
[White "Kragh, Niels Kristian"]
[Black "Christensen, Rene Baarup"]
[Result "1-0"]
[WhiteElo "2073"]
[BlackElo "1952"]
[PlyCount "43"]
[EventDate "2006.02.17"]
[EventType "tourn"]
[EventRounds "5"]
[EventCountry "DEN"]
[SourceTitle "EXT 2023"]
[Source "ChessBase"]
[SourceDate "2022.10.05"]
[SourceVersion "1"]
[SourceVersionDate "2022.10.05"]
[SourceQuality "1"]

1. e4 c5 2. Nf3 d6 3. d4 cxd4 4. Nxd4 Nf6 5. Nc3 g6 6. f4 Nc6 7. Nf3 Bg7 8. Bd3 0-0 9. 0-0 Ng4 10. Kh1 Qb6 11. Qe1 Nd4 12. Nxd4 Bxd4 13. Nd5 Qd8 14. h3 e6 15. Nc3 Bxc3 16. bxc3 Nf6 17. f5 Nd7 18. f6 Kh8 19. Qh4 Qa5 20. Bg5 Ne5 21. Qh6 Rg8 22. Rf4 1-0

[Event "DEN-chT 0405"]
[Site "Denmark"]
[Date "2004.11.06"]
[Round "1.8"]
[White "Lauridsen, Jesper Morch"]
[Black "Christensen, Rene Baarup"]
[Result "1-0"]
[WhiteElo "2260"]
[BlackElo "1855"]
[PlyCount "47"]
[EventDate "2004.11.06"]
[EventType "team-tourn"]
[EventRounds "7"]
[EventCountry "DEN"]
[SourceTitle "EXT 2023"]
[Source "ChessBase"]
[SourceDate "2022.10.05"]
[SourceVersion "1"]
[SourceVersionDate "2022.10.05"]
[SourceQuality "1"]
[WhiteTeam "Helsinge"]
[BlackTeam "Copenhagen K41"]
[WhiteTeamCountry "DEN"]
[BlackTeamCountry "DEN"]

1. e4 c5 2. Nf3 Nc6 3. d4 cxd4 4. Nxd4 Nf6 5. Nc3 g6 6. Nxc6 bxc6 7. e5 Ng8 8. Bc4 d5 9. exd6 exd6 10. 0-0 Be6 11. Bxe6 fxe6 12. Qg4 Qd7 13. Bg5 Be7 14. Rad1 0-0-0 15. Ne4 d5 16. Bxe7 Qxe7 17. Ng5 Rd6 18. Rfe1 h5 19. Qb4 a5 20. Qc5 Kd7 21. Qa7+ Ke8 22. Qa8+ Qd8 23. Qxd8+ Kxd8 24. Nf7+ 1-0

[Event "Copenhagen AS04 Centenary"]
[Site "Copenhagen"]
[Date "2004.02.11"]
[Round "5"]
[White "Raahauge, Lars"]
[Black "Christensen, Rene Baarup"]
[Result "0-1"]
[WhiteElo "2050"]
[BlackElo "1994"]
[PlyCount "48"]
[EventDate "2004.02.07"]
[EventType "swiss"]
[EventRounds "9"]
[EventCountry "DEN"]
[SourceTitle "CBM 098 Extra"]
[Source "ChessBase"]
[SourceDate "2004.03.10"]
[SourceVersion "2"]
[SourceVersionDate "2004.03.10"]
[SourceQuality "1"]

1. e4 c5 2. d4 cxd4 3. c3 g6 4. cxd4 Bg7 5. Nf3 d5 6. exd5 Qxd5 7. Nc3 Qd8 8. Be2 Nf6 9. 0-0 0-0 10. Bf4 a6 11. Rc1 Be6 12. Ne5 Nd5 13. Nxd5 Bxd5 14. Bf3 e6 15. Bxd5 Qxd5 16. Rc5 Qd8 17. Qc2 Nd7 18. Rc7 Nxe5 19. dxe5 Qd5 20. Rd1 Qxa2 21. h3 b5 22. Rdd7 Qa5 23. Bd2 Qa1+ 24. Be1 Qxe1+ 0-1

[Event "Farum 60 years op"]
[Site "Farum"]
[Date "2003.10.16"]
[Round "5"]
[White "Ulrich, Jesper"]
[Black "Christensen, Rene Baarup"]
[Result "1-0"]
[WhiteElo "2082"]
[BlackElo "2020"]
[PlyCount "55"]
[EventDate "2003.10.12"]
[EventType "swiss"]
[EventRounds "7"]
[EventCountry "DEN"]
[SourceTitle "EXT 2018"]
[Source "ChessBase"]
[SourceDate "2017.10.13"]
[SourceVersion "1"]
[SourceVersionDate "2017.10.13"]
[SourceQuality "1"]

1. d4 Nf6 2. c4 c5 3. d5 b5 4. cxb5 a6 5. e3 Bb7 6. Nc3 g6 7. bxa6 Nxa6 8. Bc4 Bg7 9. Nge2 0-0 10. 0-0 d6 11. f4 Nd7 12. a3 Nb6 13. Bb3 Nc7 14. e4 f5 15. Bc2 e6 16. dxe6 fxe4 17. Nxe4 Bxe4 18. Bxe4 d5 19. Bc2 Nxe6 20. f5 Nd4 21. Nxd4 Bxd4+ 22. Kh1 Kg7 23. Qg4 Nc4 24. Bg5 Qc8 25. Qh4 Bxb2 26. fxg6 h5 27. Qxh5 Rh8 28. Bh6+ 1-0

[Event "Farum 60 years op"]
[Site "Farum"]
[Date "2003.10.15"]
[Round "4"]
[White "Christensen, Rene Baarup"]
[Black "Hansen, Henrik Damgaard"]
[Result "1-0"]
[WhiteElo "2020"]
[BlackElo "1703"]
[PlyCount "131"]
[EventDate "2003.10.12"]
[EventType "swiss"]
[EventRounds "7"]
[EventCountry "DEN"]
[SourceTitle "EXT 2018"]
[Source "ChessBase"]
[SourceDate "2017.10.13"]
[SourceVersion "1"]
[SourceVersionDate "2017.10.13"]
[SourceQuality "1"]

1. e4 d5 2. exd5 Nf6 3. c4 e6 4. dxe6 Bxe6 5. Nf3 Nc6 6. d4 Bb4+ 7. Bd2 Qe7 8. Qe2 0-0-0 9. d5 Rhe8 10. a3 Bxd2+ 11. Nbxd2 Bf5 12. Qxe7 Rxe7+ 13. Kd1 Ng4 14. Kc1 Nd4 15. b3 Nc2 16. Ra2 Nxf2 17. Rg1 Ne1 18. Nd4 Ned3+ 19. Bxd3 Nxd3+ 20. Kb1 Bg6 21. Ka1 c6 22. Rc2 Re1+ 23. Rxe1 Nxe1 24. Rc3 Nxg2 25. Rg3 Nf4 26. Rg4 Nd3 27. dxc6 b6 28. N4f3 Kc7 29. Rd4 Rd6 30. Rxd6 Kxd6 31. Nd4 a6 32. b4 Ne5 33. b5 a5 34. Kb2 f5 35. Kc3 h6 36. N2f3 Nxf3 37. Nxf3 Bf7 38. Kd4 g5 39. Ne5 Be6 40. Nd3 h5 41. c5+ bxc5+ 42. Nxc5 Bc8 43. Nb3 g4 44. Nxa5 f4 45. Nc4+ Kc7 46. Ke4 Be6 47. Nd2 f3 48. Ke5 Bf7 49. Kf4 Kb6 50. a4 f2 51. Kg3 Bb3 52. Kxf2 Bxa4 53. Nc4+ Kc7 54. Na3 Bb3 55. Kg3 Bf7 56. Nc2 Be6 57. Kh4 Kb6 58. Kxh5 Bd5 59. Kxg4 Kxb5 60. c7 Bb7 61. Nd4+ Kc5 62. Kg5 Kxd4 63. h4 Bc8 64. h5 Ke5 65. h6 Kd6 66. h7 1-0

[Event "Copenhagen-ch"]
[Site "Copenhagen"]
[Date "2003.02.12"]
[Round "7"]
[White "Kaaber Hansen, Jacob"]
[Black "Christensen, Rene Baarup"]
[Result "0-1"]
[WhiteElo "2022"]
[BlackElo "2005"]
[PlyCount "152"]
[EventDate "2003.02.07"]
[EventType "swiss"]
[EventRounds "9"]
[EventCountry "DEN"]
[SourceTitle "EXT 2018"]
[Source "ChessBase"]
[SourceDate "2017.10.13"]
[SourceVersion "1"]
[SourceVersionDate "2017.10.13"]
[SourceQuality "1"]

1. c4 c5 2. g3 g6 3. Bg2 Bg7 4. Nc3 e6 5. d3 Ne7 6. Be3 d6 7. f4 0-0 8. Nf3 Nf5 9. Bf2 Nc6 10. 0-0 Qb6 11. Rb1 a6 12. a3 Qa5 13. Qc1 Qd8 14. b4 Nfd4 15. Nxd4 cxd4 16. b5 Ne7 17. bxa6 Rxa6 18. Nb5 e5 19. e3 Nc6 20. exd4 exd4 21. Re1 Be6 22. Re2 Qd7 23. Reb2 Rc8 24. Qf1 b6 25. h3 d5 26. Kh2 dxc4 27. dxc4 Na5 28. Bd5 Bf5 29. Rc1 d3 30. Rb4 Re8 31. Re1 Re2 32. Rxe2 dxe2 33. Qxe2 Bxh3 34. Bd4 Bg4 35. Qb2 Bf8 36. Qf2 Nc6 37. Rb3 Nxd4 38. Qxd4 Qf5 39. Qe4 Qh5+ 40. Kg1 Bf5 41. Qf3 Bc5+ 42. Kf1 Bg4 43. Qe4 Qh2 44. Nd4 Bh3+ 45. Ke1 Qg1+ 46. Ke2 Bxd4 47. Qe8+ Kg7 48. Qxf7+ Kh6 49. Qf8+ Bg7 50. Qe7 Qf1+ 51. Kd2 Qf2+ 52. Kc1 Qg1+ 53. Kd2 Qd4+ 54. Kc1 Qf6 55. Qe3 Bg4 56. Bf3 Bxf3 57. Qxf3 Bf8 58. g4 Qa1+ 59. Kc2 Rxa3 60. g5+ Kg7 61. Qb7+ Kh8 62. Rxa3 Qxa3 63. Qxb6 Qa4+ 64. Kd3 Qd1+ 65. Ke4 Qe2+ 66. Kd5 Qf3+ 67. Ke6 Qe4+ 68. Kd7 Qe7+ 69. Kc6 Qd6+ 70. Kb7 Qxb6+ 71. Kxb6 Bd6 72. c5 Bxf4 73. c6 h5 74. gxh6 g5 75. Kc5 g4 76. Kd4 g3 0-1

[Event "Copenhagen-ch"]
[Site "Copenhagen"]
[Date "2003.02.11"]
[Round "6"]
[White "Christensen, Rene Baarup"]
[Black "Moller, Frederik Oest"]
[Result "1-0"]
[WhiteElo "2005"]
[BlackElo "1593"]
[PlyCount "75"]
[EventDate "2003.02.07"]
[EventType "swiss"]
[EventRounds "9"]
[EventCountry "DEN"]
[SourceTitle "EXT 2018"]
[Source "ChessBase"]
[SourceDate "2017.10.13"]
[SourceVersion "1"]
[SourceVersionDate "2017.10.13"]
[SourceQuality "1"]

1. e4 c5 2. Nf3 d6 3. d4 cxd4 4. Nxd4 Nf6 5. Nc3 g6 6. f3 Bg7 7. Be3 0-0 8. Qd2 Nc6 9. 0-0-0 Nxd4 10. Bxd4 Be6 11. h4 h5 12. g4 hxg4 13. h5 Nxh5 14. Bxg7 Kxg7 15. Rxh5 Rh8 16. Rxh8 Qxh8 17. Bg2 gxf3 18. Bxf3 Qh6 19. Rh1 Qxd2+ 20. Kxd2 f6 21. Kd3 Rc8 22. b3 Bd7 23. Rh2 g5 24. Nd5 e6 25. Ne3 b6 26. Bg4 Rc5 27. Rf2 Kg6 28. b4 Rc7 29. Nc4 d5 30. exd5 exd5 31. Ne3 Bxg4 32. Nxg4 Rc6 33. Ne3 Rd6 34. Kd4 a6 35. Rf5 g4 36. Rf4 f5 37. Rxf5 g3 38. Rf3 1-0

[Event "Copenhagen-ch"]
[Site "Copenhagen"]
[Date "2003.02.08"]
[Round "2"]
[White "Christensen, Rene Baarup"]
[Black "Schiodt, Niels Christian"]
[Result "1/2-1/2"]
[WhiteElo "2005"]
[BlackElo "2054"]
[PlyCount "48"]
[EventDate "2003.02.07"]
[EventType "swiss"]
[EventRounds "9"]
[EventCountry "DEN"]
[SourceTitle "EXT 2018"]
[Source "ChessBase"]
[SourceDate "2017.10.13"]
[SourceVersion "1"]
[SourceVersionDate "2017.10.13"]
[SourceQuality "1"]

1. e4 c5 2. Nf3 Nc6 3. d4 cxd4 4. Nxd4 Nf6 5. Nc3 d6 6. Be2 e6 7. Be3 Be7 8. 0-0 0-0 9. f4 Qc7 10. Qe1 Nb4 11. Qg3 e5 12. fxe5 dxe5 13. Ncb5 Nxe4 14. Qf3 Qb6 15. Nf5 Bc5 16. Qxe4 Bxf5 17. Rxf5 Bxe3+ 18. Kh1 Nc6 19. Bd3 g6 20. Raf1 Bf4 21. g3 Ne7 22. R5xf4 exf4 23. Qxe7 Qc6+ 24. Kg1 Qb6+ 1/2-1/2

[Event "Copenhagen-ch"]
[Site "Copenhagen"]
[Date "2003.02.07"]
[Round "1"]
[White "Paaske, Asger"]
[Black "Christensen, Rene Baarup"]
[Result "0-1"]
[WhiteElo "2117"]
[BlackElo "2005"]
[PlyCount "44"]
[EventDate "2003.02.07"]
[EventType "swiss"]
[EventRounds "9"]
[EventCountry "DEN"]
[SourceTitle "EXT 2018"]
[Source "ChessBase"]
[SourceDate "2017.10.13"]
[SourceVersion "1"]
[SourceVersionDate "2017.10.13"]
[SourceQuality "1"]

1. e4 c5 2. c3 d5 3. exd5 Qxd5 4. d4 e5 5. dxe5 Qxe5+ 6. Be3 Nf6 7. Nf3 Qd5 8. Nbd2 Be7 9. Bc4 Qd8 10. Qb3 0-0 11. Ne5 Nc6 12. Bxf7+ Kh8 13. Nxc6 bxc6 14. Nf3 Nd5 15. Bxd5 cxd5 16. Rd1 Be6 17. 0-0 Rb8 18. Qa4 Rxb2 19. Qxa7 Rxf3 20. gxf3 Bh3 21. Bxc5 Qe8 22. Kh1 Qf8 0-1